<?xml version="1.0" encoding="UTF-8"?>
<record
    xmlns:xsi="http://www.w3.org/2001/XMLSchema-instance"
    xsi:schemaLocation="http://www.loc.gov/MARC21/slim http://www.loc.gov/standards/marcxml/schema/MARC21slim.xsd"
    xmlns="http://www.loc.gov/MARC21/slim">

  <leader>00693cam a2200229u  4500</leader>
  <controlfield tag="001">19807</controlfield>
  <controlfield tag="003">BD-RjUL</controlfield>
  <controlfield tag="005">20211209000500.0</controlfield>
  <controlfield tag="008">140225s1932    enkh          000 0aeng</controlfield>
  <datafield tag="035" ind1=" " ind2=" ">
    <subfield code="a">(BD-RjUL)19868</subfield>
  </datafield>
  <datafield tag="040" ind1=" " ind2=" ">
    <subfield code="a">DLC</subfield>
    <subfield code="c">CarP</subfield>
    <subfield code="d">DLC</subfield>
    <subfield code="d">BD-RjUL</subfield>
    <subfield code="b">eng</subfield>
  </datafield>
  <datafield tag="041" ind1=" " ind2=" ">
    <subfield code="a">eng</subfield>
  </datafield>
  <datafield tag="082" ind1=" " ind2=" ">
    <subfield code="a">822.4</subfield>
    <subfield code="b">GHW</subfield>
  </datafield>
  <datafield tag="100" ind1="1" ind2=" ">
    <subfield code="a">Otway, Thomas,</subfield>
    <subfield code="d">1652-1685.</subfield>
    <subfield code="9">58364</subfield>
  </datafield>
  <datafield tag="245" ind1="0" ind2="4">
    <subfield code="a">The works of Thomas Otway :</subfield>
    <subfield code="b">plays, poems, and love-letters /</subfield>
    <subfield code="n">Volume II</subfield>
  </datafield>
  <datafield tag="260" ind1=" " ind2=" ">
    <subfield code="a">Oxford :</subfield>
    <subfield code="b">The Clarendon press,</subfield>
    <subfield code="c">1932.</subfield>
  </datafield>
  <datafield tag="300" ind1=" " ind2=" ">
    <subfield code="a">542 p. :</subfield>
    <subfield code="b">front., facsims. ;</subfield>
    <subfield code="c">24 cm.</subfield>
  </datafield>
  <datafield tag="700" ind1="1" ind2=" ">
    <subfield code="a">Ghosh, J. C.</subfield>
    <subfield code="q">(Jyotish Chandra),</subfield>
    <subfield code="d">1881-1970.</subfield>
    <subfield code="9">55818</subfield>
  </datafield>
  <datafield tag="942" ind1=" " ind2=" ">
    <subfield code="2">ddc</subfield>
    <subfield code="c">BK</subfield>
  </datafield>
  <datafield tag="999" ind1=" " ind2=" ">
    <subfield code="c">19807</subfield>
    <subfield code="d">19807</subfield>
  </datafield>
  <datafield tag="952" ind1=" " ind2=" ">
    <subfield code="0">0</subfield>
    <subfield code="1">0</subfield>
    <subfield code="2">ddc</subfield>
    <subfield code="4">0</subfield>
    <subfield code="7">1</subfield>
    <subfield code="8">NFIC</subfield>
    <subfield code="a">RUCL</subfield>
    <subfield code="b">RUCL</subfield>
    <subfield code="c">Stack</subfield>
    <subfield code="d">1955-08-09</subfield>
    <subfield code="e">O.U.P. dhaka</subfield>
    <subfield code="g">31.80</subfield>
    <subfield code="l">0</subfield>
    <subfield code="o">822.4 GHW V-2 1932</subfield>
    <subfield code="r">2014-02-25 00:00:00</subfield>
    <subfield code="t">C-1</subfield>
    <subfield code="w">2014-02-25</subfield>
    <subfield code="y">BK</subfield>
  </datafield>
</record>
